Responses for show #7512 - Tuesday, April 18, 2017

Contestants

Ani Gupta, an economist from Berkeley, California

Kimberly Bond, a writer and stay-at-home mom from Cumming, Georgia

Jamie Newland, a loan coordinator from Chicago, Illinois (whose 1-day cash winnings total $15,500)

Jeopardy! Round responses

FROM THEIR INAUGURAL ADDRESSES
IN THE DICTIONARY
GRAVE MATTERS
STATE THE CITY
DRINKS FOR EVERYONE!
GAMBLING ON VEGAS MOVIES
    $200 26
Lincoln

Ani
    $200 13
boycott

Kimberly
    $200 12
(Ani: What is "My Way"?)

"The Best Is Yet To Come"

Ani
Triple Stumper
    $200 6
(Ani: What is Columbus?)

Cleveland

JamieAni
    $200 1
sake

Jamie
    $200 7
(Kimberly: What is Fear and Loathing in Las Vegas?)

Leaving Las Vegas

JamieKimberly
    $400 27
Reagan

Ani
    $400 14
stanch

Ani
    $400 18
Bolívar

Kimberly
    $400 22
Worcester

Ani
    $400 2
beer

Ani
    $400 8
(Ani: What is Con Air?)

Honeymoon in Vegas

JamieAni
    $600 28
Franklin Roosevelt

Ani
    $600 15
an Easter egg

Jamie
    $600 19
Pat Summitt

Triple Stumper
    $600 23
(Jamie: What is Wayne)

Fort Wayne

Jamie
Triple Stumper
    $600 3
martini

Jamie
    $600 9
Con Air

Jamie
    $1,000 29
Eisenhower

Ani
    $800 16
a bialy

Jamie
    $800 20
Poets' Corner

Kimberly
    $800 24
(Ani: What is Carmel?)

San Diego

Ani
Triple Stumper
    $800 4
whiskey

Ani
    $800 10
Paul Blart: Mall Cop

Ani
    $1000 30
(Jimmy) Carter

Jamie
    $1000 17
a sesquicentennial

Kimberly
    $1000 21
Père Lachaise

Triple Stumper
    $1000 25
(Jamie: What is Detroit?)

Grand Rapids

JamieAni
    $1000 5
grog

Triple Stumper
    $1000 11
Albert Brooks

Jamie

Scores at the first commercial break (after clue 15):

Jamie Kimberly Ani
$3,800 $0 $1,600

Scores at the end of the Jeopardy! Round:

Jamie Kimberly Ani
$4,000 $2,200 $4,400

Double Jeopardy! Round responses

BASEBALL
POWER HITTERS
FOWL
DUG OUT
"GRAND" SLAM
DOUBLE PLAY
(Alex: GIve us the name of the playwright who wrote both of the items in the clue.)
    $400 26
the (Chicago) Cubs

Jamie
    $400 21
the Titanic

Jamie
    $400 1
a Canadian goose (or Canada goose)

Kimberly
    $400 16
a moat

Jamie
    $400 6
Grand Theft Auto

Kimberly
    $400 15
(David) Mamet

Jamie
    $800 27
(Kimberly: Who is Mantle?)

Lou Gehrig

Kimberly
Triple Stumper
    $2,000 22
Oprah Winfrey

Jamie
    $800 2
the turkey

Kimberly
    $800 17
diamonds

Kimberly
    $800 7
a grand jury

Jamie
    $800 14
Molière

Triple Stumper
    $1200 28
the (Boston) Red Sox

Jamie
    $1200 23
Time Warner

Kimberly
    $1200 3
(Jamie: What is duck?)
(Kimberly: What is chicken?)

pheasant

JamieKimberly
Triple Stumper
    $1200 18
a trench

Kimberly
    $1200 8
grand mal

Jamie
    $1200 13
(Henrik) Ibsen

Jamie
    $1600 29
the Triple Crown

Jamie
    $1600 24
(Kimberly: Who is Kodak?)

(George) Eastman

JamieKimberly
    $1600 4
duck

Triple Stumper
    $1600 19
grave robbery

Ani
    $1600 9
a grand jeté

Jamie
    $1600 12
(Wendy) Wasserstein

Jamie
    $2000 30
sabermetrics

Ani
    $2000 25
(Jack) Dorsey

Kimberly
    $2000 5
(Jamie: What is Gibraltar?)

Cornish

Jamie
Triple Stumper
    $2000 20
Beersheba

Triple Stumper
    $2,000 10
(Jamie: What is Grand Valley?)

Grand Junction

Jamie
    $2000 11
Sam Shepard

Jamie

Scores at the end of the Double Jeopardy! Round:

Jamie Kimberly Ani
$15,200 $5,400 $8,000

[wagering suggestions for these scores]

Final Jeopardy! Round responses

MILITARY INNOVATIONS
KimberlyWhat is a periscope?
$5,399
AniWhat is radar?
$7,201
JamieWhat is the antenna? searchlight
$801
a periscope

Final scores:

Jamie Kimberly Ani
$14,399 $10,799 $799
2-day champion: $29,899 2nd place: $2,000 3rd place: $1,000

Game dynamics:

Coryat scores:

Jamie Kimberly Ani
$16,000 $5,400 $7,800
24 R
(including 1 DD),
5 W
(including 1 DD)
11 R,
4 W
12 R
(including 1 DD),
4 W

Combined Coryat: $29,200

The J! Archive is created by fans, for fans. The Jeopardy! game show and all elements thereof, including but not limited to copyright and trademark thereto, are the property of Jeopardy Productions, Inc. and are protected under law. This website is not affiliated with, sponsored by, or operated by Jeopardy Productions, Inc. Join the discussion at JBoard.tv.